000 00546nam a2200181Ia 4500
008 240729s9999 xx 000 0 und d
022 _a2387-1954
245 0 _aGE: Portuguese Journal of Gastroenterology
260 _aSwitzerland
260 _bKarger Publishers
650 _a Diseases of the digestive system. Gastroenterology
650 _a Internal medicine
650 _a Specialties of internal medicine
650 _aMedicine
856 _uhttps://doaj.org/toc/ded8c21c8a4b4419b997d04cfbe36307
942 _2ddc
942 _cDOAJEJ
999 _c69434
_d69434
945 _a1
_bMadushi Gamage
_c1
_dMadushi Gamage